Tutan Toupa'n honpi : (Record no. 8915)

MARC details
000 -LEADER
fixed length control field 00440nam a22001577a 4500
003 - CONTROL NUMBER IDENTIFIER
control field GBCCL
005 - DATE AND TIME OF LATEST TRANSACTION
control field 20241126110701.0
008 - FIXED-LENGTH DATA ELEMENTS--GENERAL INFORMATION
fixed length control field 220125b ||||| |||| 00| 0 eng d
040 ## - CATALOGING SOURCE
Transcribing agency gbc
082 ## - DEWEY DECIMAL CLASSIFICATION NUMBER
Classification number SOU EBC
Item number 2019
110 ## - MAIN ENTRY--CORPORATE NAME
Corporate name or jurisdiction name as entry element EBCC, Kanaan
9 (RLIN) 15633
245 ## - TITLE STATEMENT
Title Tutan Toupa'n honpi :
Remainder of title Kum 10 chinna 2009-2019 souvenir.
260 ## - PUBLICATION, DISTRIBUTION, ETC.
Place of publication, distribution, etc. Kanaan veng:
Name of publisher, distributor, etc. Tualsung Baptist Saptuam Upa committe,
Date of publication, distribution, etc. 2019.
300 ## - PHYSICAL DESCRIPTION
Extent 147p. ;
942 ## - ADDED ENTRY ELEMENTS (KOHA)
Source of classification or shelving scheme Dewey Decimal Classification
Koha item type Archives
Holdings
Withdrawn status Lost status Source of classification or shelving scheme Damaged status Not for loan Home library Current Library Shelving location Date acquired Total checkouts Full call number Barcode Date last seen Copy number Price effective from Koha item type
    Dewey Decimal Classification     GRACE BIBLE COLLEGE GRACE BIBLE COLLEGE Archives 2022-01-25   SOU EBC 2019 250174 2025-05-01 c.1 2022-01-25 Archives
    Dewey Decimal Classification     GRACE BIBLE COLLEGE GRACE BIBLE COLLEGE Archives 2022-01-25   SOU EBC 2019 250175 2025-05-01 c.2 2022-01-25 Archives
© Grace Bible College Library 2025